[Event "CZE-chT2F 1617"]
[Site "Czech Republic"]
[Date "2017.02.12"]
[Round "8.2"]
[White "Tustanowski, Robert"]
[Black "Urbanski, Grzegorz"]
[Result "1/2-1/2"]
[WhiteElo "2214"]
[BlackElo "2231"]
[PlyCount "93"]
[EventDate "2016.10.09"]
[EventType "team-tourn"]
[EventRounds "11"]
[EventCountry "CZE"]
[SourceTitle "EXT 2022"]
[Source "ChessBase"]
[SourceDate "2021.10.06"]
[SourceVersion "1"]
[SourceVersionDate "2021.10.06"]
[SourceQuality "1"]
[WhiteTeam "Vrbno pod Pradedem"]
[BlackTeam "Cesky Tesin"]
[WhiteTeamCountry "CZE"]
[BlackTeamCountry "CZE"]

1. e4 c5 2. Nf3 e6 3. d3 Nc6 4. g3 d5 5. Qe2 d4 6. e5 f5 7. exf6 Nxf6 8. Bh3 Qd5 9. c4 Qh5 10. Bxe6 Bxe6 11. Qxe6+ Be7 12. Qe2 0-0 13. Ng5 Ng4 14. Ne4 Qh3 15. f4 Ne3 16. Na3 Ng2+ 17. Kd1 Ne3+ 18. Bxe3 dxe3 19. Nc2 Nd4 20. Nxd4 cxd4 21. Kc2 b5 22. c5 Rfc8 23. Rac1 Bxc5 24. Kb1 Be7 25. Rxc8+ Rxc8 26. Rc1 Rxc1+ 27. Kxc1 a5 28. a3 Qe6 29. g4 Qa2 30. Ng3 b4 31. axb4 axb4 32. Qc2 Qa1+ 33. Qb1 Qa8 34. Qc2 Qa1+ 35. Qb1 Qa4 36. b3 Qa6 37. Kd1 Qg6 38. h3 Qh6 39. Qc2 Qxf4 40. Qc4+ Kh8 41. Qc8+ Bf8 42. Nf5 Qf1+ 43. Kc2 Qe2+ 44. Kc1 Qd2+ 45. Kb1 Qxd3+ 46. Ka2 Qd2+ 47. Kb1 1/2-1/2

[Event "CZE-chT2F 1516"]
[Site "Czech Republic"]
[Date "2016.01.24"]
[Round "6.62"]
[White "Urbanski, Grzegorz"]
[Black "Bazant, Petr Sr"]
[Result "0-1"]
[WhiteElo "2255"]
[BlackElo "2256"]
[PlyCount "125"]
[EventDate "2015.10.18"]
[EventType "team-tourn"]
[EventRounds "11"]
[EventCountry "CZE"]
[SourceTitle "EXT 2022"]
[Source "ChessBase"]
[SourceDate "2021.10.06"]
[SourceVersion "1"]
[SourceVersionDate "2021.10.06"]
[SourceQuality "1"]
[WhiteTeam "Cesky Tesin"]
[BlackTeam "Stare Mesto II"]
[WhiteTeamCountry "CZE"]
[BlackTeamCountry "CZE"]

1. e4 c5 2. Nf3 Nf6 3. Nc3 Nc6 4. Bb5 Nd4 5. Bc4 d6 6. e5 dxe5 7. Nxe5 e6 8. d3 Bd6 9. f4 0-0 10. 0-0 Qc7 11. Rf2 a6 12. a4 b6 13. Ng4 Nxg4 14. Qxg4 Bd7 15. Qh5 g6 16. Qh6 f5 17. Be3 b5 18. Ba2 Rfe8 19. h4 Qd8 20. g3 Bf8 21. Qg5 Be7 22. Qh6 Bf6 23. a5 Qe7 24. Raf1 Qf7 25. h5 gxh5 26. Rh2 Rac8 27. Rff2 Bc6 28. Rxh5 Qg6 29. Kf1 Bg7 30. Qg5 Qxg5 31. Rxg5 h6 32. Rh5 Bf3 33. Rhh2 Bg4 34. Bxd4 cxd4 35. Nb1 Kh7 36. Kg2 Rc6 37. Rh1 Bf6 38. Bb3 Bd8 39. Nd2 Bxa5 40. Nf3 Bxf3+ 41. Kxf3 Bc7 42. Re2 e5 43. Rhe1 Rc5 44. g4 fxg4+ 45. Kxg4 a5 46. f5 a4 47. Be6 Re7 48. Rh1 Rg7+ 49. Kf3 Rg5 50. Reh2 e4+ 51. Kxe4 Rg4+ 52. Kf3 Rf4+ 53. Ke2 Rxc2+ 54. Ke1 Rxh2 55. Rxh2 Rf3 56. Rc2 Bg3+ 57. Ke2 Rf2+ 58. Kd1 Rxc2 59. Kxc2 b4 60. Bd7 a3 61. Kb3 Bd6 62. bxa3 bxa3 63. Be6 0-1

[Event "CZE-chT2F 1516"]
[Site "Czech Republic"]
[Date "2015.11.08"]
[Round "2.2"]
[White "Urbanski, Grzegorz"]
[Black "Zabystrzan, Pavel"]
[Result "1/2-1/2"]
[WhiteElo "2255"]
[BlackElo "2267"]
[PlyCount "115"]
[EventDate "2015.10.18"]
[EventType "team-tourn"]
[EventRounds "11"]
[EventCountry "CZE"]
[SourceTitle "EXT 2022"]
[Source "ChessBase"]
[SourceDate "2021.10.06"]
[SourceVersion "1"]
[SourceVersionDate "2021.10.06"]
[SourceQuality "1"]
[WhiteTeam "Cesky Tesin"]
[BlackTeam "Havirov Slovan"]
[WhiteTeamCountry "CZE"]
[BlackTeamCountry "CZE"]

1. e4 c6 2. Nc3 d5 3. Nf3 Bg4 4. h3 Bxf3 5. Qxf3 e6 6. d4 dxe4 7. Qxe4 Nf6 8. Qd3 Bd6 9. g3 Qb6 10. Bg2 Qa6 11. Qxa6 Nxa6 12. a3 Nc7 13. Bd2 Ncd5 14. 0-0-0 Nxc3 15. Bxc3 0-0-0 16. Rd3 Nd5 17. Bd2 Be7 18. Rd1 Rd7 19. Ba5 Bd8 20. Be1 Bf6 21. h4 Rhd8 22. c3 Nb6 23. Kc2 Nc4 24. f4 h5 25. Bf2 a6 26. a4 Nb6 27. b3 Nd5 28. b4 b5 29. Ra1 Kb7 30. Kb3 Ra8 31. Rd2 Nb6 32. a5 Nc4 33. Re2 g6 34. Rh1 Nd6 35. Bf3 Nf5 36. Ree1 Rh8 37. Rc1 Ne7 38. Rce1 Nd5 39. Be3 Ne7 40. Bf2 Nd5 41. Rhg1 Ne7 42. Rh1 Nd5 43. Rh2 Rdd8 44. Rc1 Ne7 45. Kc2 Nd5 46. Rhh1 Ne7 47. Rce1 Nd5 48. Kd3 Ne7 49. Re2 Nd5 50. Be1 Ne7 51. Reh2 Rh7 52. Ke2 Nd5 53. Be4 Rdh8 54. Kf3 Rd8 55. Bd3 Rdh8 56. Bf1 Be7 57. Bh3 Bd6 58. Bd2 1/2-1/2

[Event "Miedzyzdroje op 3rd"]
[Site "Miedzyzdroje"]
[Date "2013.05.03"]
[Round "7"]
[White "Urbanski, Grzegorz"]
[Black "Stankiewicz, Pawel"]
[Result "1-0"]
[WhiteElo "2182"]
[BlackElo "2074"]
[PlyCount "27"]
[EventDate "2013.04.27"]
[EventType "swiss"]
[EventRounds "9"]
[EventCountry "POL"]
[SourceTitle "CBM 154 Extra"]
[Source "ChessBase"]
[SourceDate "2013.06.25"]
[SourceVersion "2"]
[SourceVersionDate "2013.06.25"]
[SourceQuality "1"]

1. e4 c5 2. c3 d5 3. exd5 Qxd5 4. d4 cxd4 5. cxd4 Nc6 6. Nf3 e6 7. a3 Nf6 8. Nc3 Qa5 9. Bd2 Be7 10. Bb5 0-0 11. 0-0 Rd8 12. Bxc6 bxc6 13. Qc2 c5 14. Nd5 1-0

[Event "Kiev Spring op"]
[Site "Kiev"]
[Date "2011.03.19"]
[Round "1.13"]
[White "Glushko, Anton"]
[Black "Urbanski, Grzegorz"]
[Result "0-1"]
[WhiteElo "1799"]
[BlackElo "2202"]
[PlyCount "139"]
[EventDate "2011.03.19"]
[EventType "swiss"]
[EventRounds "9"]
[EventCountry "UKR"]
[SourceTitle "EXT 2012"]
[Source "ChessBase"]
[SourceDate "2011.11.24"]
[SourceVersion "1"]
[SourceVersionDate "2011.11.24"]
[SourceQuality "1"]

1. d4 Nf6 2. Nf3 d5 3. c4 c6 4. Nc3 e6 5. Qd3 dxc4 6. Qxc4 b5 7. Qd3 Be7 8. g3 Na6 9. Bg2 Nb4 10. Qb1 Nbd5 11. e4 Nb6 12. Ne5 Bb7 13. Be3 0-0 14. 0-0 Nfd7 15. Nd3 b4 16. Ne2 Nc4 17. e5 Nxe3 18. fxe3 Qb6 19. b3 Rac8 20. Qb2 c5 21. Rac1 Bxg2 22. Kxg2 Qb7+ 23. Kg1 Qe4 24. Qd2 Bg5 25. Ndf4 Rfd8 26. h4 Be7 27. Qd3 Qb7 28. Qb1 Nb6 29. Kf2 c4 30. bxc4 Nxc4 31. Rfd1 a5 32. Nc3 Na3 33. Qb3 Qd7 34. Na4 Rc6 35. Nd3 Rdc8 36. Nac5 Qa7 37. Qa4 Qb6 38. Nd7 Qb5 39. Qxb5 Nxb5 40. N7c5 Nc3 41. Rd2 Bxc5 42. Nxc5 Ne4+ 43. Nxe4 Rxc1 44. Nc5 Kf8 45. Kf3 Ke7 46. Ke4 Rd8 47. Nb3 Rc7 48. Nxa5 Ra8 49. Nb3 Rca7 50. Nc1 f5+ 51. exf6+ gxf6 52. Rb2 Ra4 53. g4 Kd6 54. Nd3 Rb8 55. Nc5 Ra5 56. Nb3 Ra7 57. Rc2 h5 58. Kf3 hxg4+ 59. Kxg4 Rg7+ 60. Kf3 Rh7 61. Kg3 Rg8+ 62. Kf3 Rxh4 63. Rc4 Rh3+ 64. Ke4 Rgg3 65. Rxb4 Rxe3+ 66. Kf4 Ref3+ 67. Kg4 Rhg3+ 68. Kh4 f5 69. d5 Kxd5 70. a4 0-1

[Event "POL-chT 2st League"]
[Site "Mrzezyno"]
[Date "2010.09.08"]
[Round "5.20"]
[White "Malec, Sebastian"]
[Black "Urbanski, Grzegorz"]
[Result "1-0"]
[WhiteElo "2155"]
[BlackElo "2216"]
[PlyCount "51"]
[EventDate "2010.09.04"]
[EventType "team-swiss"]
[EventRounds "9"]
[EventCountry "POL"]
[SourceTitle "EXT 2019"]
[Source "ChessBase"]
[SourceDate "2018.10.10"]
[SourceVersion "1"]
[SourceVersionDate "2018.10.10"]
[SourceQuality "1"]
[WhiteTeam "Warszawa Polonia II"]
[BlackTeam "Mikolow AKS"]
[WhiteTeamCountry "POL"]
[BlackTeamCountry "POL"]

1. e4 Nc6 2. Nf3 d6 3. d4 Bg4 4. Be2 e5 5. d5 Bxf3 6. Bxf3 Nce7 7. c4 g6 8. Nc3 f5 9. Qa4+ Qd7 10. Nb5 Kf7 11. c5 Nf6 12. exf5 gxf5 13. Bg5 a6 14. c6 Qc8 15. Nc3 Bg7 16. g4 b5 17. Qb4 e4 18. Be2 Re8 19. 0-0-0 fxg4 20. Bxf6 Bxf6 21. Qxe4 b4 22. Bxg4 Ng6 23. Bxc8 Rxe4 24. Nxe4 Rxc8 25. Nxf6 Kxf6 26. Rhe1 1-0

[Event "POL-chT 2nd League"]
[Site "Miedzyzdroje"]
[Date "2009.09.19"]
[Round "8"]
[White "Galyga, Zbigniew"]
[Black "Urbanski, Grzegorz"]
[Result "1/2-1/2"]
[WhiteElo "2188"]
[BlackElo "2207"]
[PlyCount "67"]
[EventDate "2009.09.12"]
[EventType "team-swiss"]
[EventRounds "9"]
[EventCountry "POL"]
[SourceTitle "EXT 2019"]
[Source "ChessBase"]
[SourceDate "2018.10.10"]
[SourceVersion "1"]
[SourceVersionDate "2018.10.10"]
[SourceQuality "1"]
[WhiteTeam "Gliwice Roszada Sikornik"]
[BlackTeam "Mikolow AKS"]
[WhiteTeamCountry "POL"]
[BlackTeamCountry "POL"]

1. Nf3 d5 2. d4 c6 3. c4 Nf6 4. g3 Bf5 5. Bg2 Nbd7 6. cxd5 cxd5 7. Nc3 e6 8. 0-0 Ne4 9. Nxe4 Bxe4 10. Bd2 Bd6 11. Nh4 Bxg2 12. Nxg2 Qb6 13. Bc3 Nf6 14. Qa4+ Ke7 15. e3 Rhc8 16. Rac1 Rc4 17. Qd1 Ne4 18. f3 Nxc3 19. bxc3 Rac8 20. Qd3 g6 21. e4 Qa5 22. exd5 Rxc3 23. Qd2 Bb4 24. Rxc3 Bxc3 25. Qg5+ Ke8 26. Qf6 Qxd5 27. Qh8+ Kd7 28. Qxh7 Qxd4+ 29. Kh1 Ke7 30. Nf4 Qf6 31. Qh3 Be5 32. Nd5+ exd5 33. Qxc8 Qc6 34. Qh3 1/2-1/2

[Event "Pobeskydy ArcelorMittal op"]
[Site "Frydek Mistek"]
[Date "2009.04.13"]
[Round "9"]
[White "Pagerka, Martin"]
[Black "Urbanski, Grzegorz"]
[Result "0-1"]
[WhiteElo "2097"]
[BlackElo "2201"]
[PlyCount "98"]
[EventDate "2009.04.09"]
[EventType "swiss"]
[EventRounds "9"]
[EventCountry "CZE"]
[SourceTitle "CBM 129 Extra"]
[Source "ChessBase"]
[SourceDate "2009.05.05"]
[SourceVersion "2"]
[SourceVersionDate "2009.05.20"]
[SourceQuality "1"]

1. e4 e6 2. d4 d5 3. Nc3 dxe4 4. Nxe4 Nd7 5. Nf3 Ngf6 6. Nxf6+ Nxf6 7. Bc4 c5 8. 0-0 Qc7 9. Bg5 cxd4 10. Qxd4 Be7 11. Bb5+ Bd7 12. Bf4 Qc8 13. Bxd7+ Qxd7 14. Rfd1 Qxd4 15. Rxd4 Nd5 16. Be5 f6 17. Bg3 Nb4 18. Rd2 e5 19. c3 Nc6 20. Rad1 Kf7 21. Ne1 Rhd8 22. f3 Bc5+ 23. Bf2 Bxf2+ 24. Kxf2 Rxd2+ 25. Rxd2 Ke6 26. Ke3 Rc8 27. b3 h5 28. g3 g5 29. Nd3 b6 30. Nf2 Ne7 31. Rd3 f5 32. h3 f4+ 33. gxf4 gxf4+ 34. Ke2 Nf5 35. Ne4 Rg8 36. a4 Ng3+ 37. Kf2 Nxe4+ 38. fxe4 h4 39. b4 Rg3 40. Rf3 Kd6 41. Ke2 Kc6 42. Rd3 Rxd3 43. Kxd3 a5 44. Kc4 axb4 45. cxb4 b5+ 46. axb5+ Kb6 47. Kd3 Kxb5 48. Ke2 Kxb4 49. Kf3 Kc4 0-1

[Event "Pobeskydy ArcelorMittal op"]
[Site "Frydek Mistek"]
[Date "2009.04.12"]
[Round "7"]
[White "Urbanski, Grzegorz"]
[Black "Zochowski, Piotr"]
[Result "1-0"]
[WhiteElo "2201"]
[BlackElo "2066"]
[PlyCount "41"]
[EventDate "2009.04.09"]
[EventType "swiss"]
[EventRounds "9"]
[EventCountry "CZE"]
[SourceTitle "CBM 129 Extra"]
[Source "ChessBase"]
[SourceDate "2009.05.05"]
[SourceVersion "2"]
[SourceVersionDate "2009.05.20"]
[SourceQuality "1"]

1. e4 g6 2. d4 Bg7 3. Nc3 d6 4. Nf3 Nf6 5. h3 0-0 6. Be3 e5 7. dxe5 dxe5 8. Qxd8 Rxd8 9. Bc4 Ne8 10. Nd5 Nc6 11. 0-0-0 Be6 12. Ng5 Nd6 13. Bb3 Bxd5 14. Bxd5 Ne7 15. Bb3 h6 16. Rxd6 Rxd6 17. Nxf7 Rf6 18. Nxh6+ Kh7 19. Ng4 Rc6 20. h4 b6 21. Bg5 1-0

[Event "POL-chT 2nd League"]
[Site "Ustron"]
[Date "2008.09.14"]
[Round "8.79"]
[White "Urbanski, Grzegorz"]
[Black "Kaczmarek, Piotr"]
[Result "1-0"]
[WhiteElo "2158"]
[BlackElo "1935"]
[PlyCount "53"]
[EventDate "2008.09.06"]
[EventType "team-swiss"]
[EventRounds "9"]
[EventCountry "POL"]
[SourceTitle "EXT 2015"]
[Source "ChessBase"]
[SourceDate "2014.11.20"]
[SourceVersion "1"]
[SourceVersionDate "2014.11.20"]
[SourceQuality "1"]
[WhiteTeam "Mikolow AKS"]
[BlackTeam "Poznan Lech"]
[WhiteTeamCountry "POL"]
[BlackTeamCountry "POL"]

1. e4 e5 2. Bc4 Nf6 3. Nc3 Nxe4 4. Qh5 Nd6 5. Bb3 Be7 6. d3 0-0 7. h4 g6 8. Qf3 Nc6 9. Nge2 Nf5 10. h5 Ncd4 11. Nxd4 Nxd4 12. Qg3 Nxb3 13. axb3 d6 14. Bh6 Re8 15. hxg6 fxg6 16. Nd5 Be6 17. Nxe7+ Qxe7 18. Ra4 Qd7 19. Rah4 Re7 20. Bg5 Rf7 21. Rh6 Bf5 22. Qh4 e4 23. g4 exd3 24. gxf5 Re8+ 25. Kf1 dxc2 26. Rxg6+ Rg7 27. Qxh7+ 1-0

[Event "POL-chT 2nd League"]
[Site "Ustron"]
[Date "2008.09.07"]
[Round "2.44"]
[White "Kosiorek, Marek"]
[Black "Urbanski, Grzegorz"]
[Result "0-1"]
[WhiteElo "2371"]
[BlackElo "2158"]
[PlyCount "114"]
[EventDate "2008.09.06"]
[EventType "team-swiss"]
[EventRounds "9"]
[EventCountry "POL"]
[SourceTitle "EXT 2015"]
[Source "ChessBase"]
[SourceDate "2014.11.20"]
[SourceVersion "1"]
[SourceVersionDate "2014.11.20"]
[SourceQuality "1"]
[WhiteTeam "Grudziadz Rotmistrz MAT Premium"]
[BlackTeam "Mikolow AKS"]
[WhiteTeamCountry "POL"]
[BlackTeamCountry "POL"]

1. e4 e6 2. d4 d5 3. Nc3 dxe4 4. Nxe4 Nd7 5. Bd3 Ngf6 6. Qe2 c5 7. Nxf6+ Nxf6 8. dxc5 Bxc5 9. Nf3 Qc7 10. 0-0 Bd6 11. Re1 Nd5 12. Ne5 a6 13. c4 Nb4 14. Bb1 Nc6 15. Nf3 b6 16. b3 Bb7 17. Bb2 0-0-0 18. a3 Kb8 19. b4 e5 20. Be4 Nd4 21. Bxd4 exd4 22. c5 Bf4 23. cxb6 Qxb6 24. Bxb7 Qxb7 25. Rad1 Bc7 26. Rxd4 Bb6 27. Re4 Rd7 28. a4 Rhd8 29. Re8 Rxe8 30. Qxe8+ Rd8 31. Qe5+ Qc7 32. Qe4 Rd6 33. b5 Re6 34. Ne5 Qc3 35. Nc6+ Kc8 36. Ne7+ Kd7 37. Qb7+ Ke8 38. Rf1 Qd4 39. h3 Rxe7 40. Qc8+ Qd8 41. Qxd8+ Kxd8 42. bxa6 Ra7 43. Re1 Rxa6 44. Re4 h5 45. h4 Ra5 46. Rf4 Ke7 47. g3 Ke6 48. Kg2 Rf5 49. Re4+ Kd5 50. f3 Re5 51. Rb4 Bc5 52. Rf4 f6 53. g4 Bd6 54. a5 Re2+ 55. Kf1 Bxf4 56. Kxe2 hxg4 57. fxg4 Bg3 0-1

[Event "Pszczyna op 4th"]
[Site "Pszczyna"]
[Date "2008.07.18"]
[Round "6"]
[White "Czernicki, Bogdan"]
[Black "Urbanski, Grzegorz"]
[Result "1-0"]
[WhiteElo "2032"]
[BlackElo "2158"]
[PlyCount "91"]
[EventDate "2008.07.15"]
[EventType "swiss"]
[EventRounds "9"]
[EventCountry "POL"]
[SourceTitle "CBM 125 Extra"]
[Source "ChessBase"]
[SourceDate "2008.09.01"]
[SourceVersion "1"]
[SourceVersionDate "2008.09.01"]
[SourceQuality "1"]

1. d4 Nf6 2. Nf3 g6 3. Bf4 Bg7 4. Nbd2 Nh5 5. Be5 f6 6. Bg3 0-0 7. e4 e6 8. Be2 b6 9. 0-0 Bb7 10. c3 Nc6 11. Ne1 Nxg3 12. hxg3 f5 13. e5 f4 14. gxf4 Rxf4 15. Nd3 Rf7 16. f4 g5 17. fxg5 Rxf1+ 18. Nxf1 Qxg5 19. Qd2 Qh4 20. Qf4 Qe7 21. Qg4 Qf7 22. Qh5 Ne7 23. Qxf7+ Kxf7 24. Ng3 Ng6 25. Rf1+ Ke7 26. Bf3 Bxf3 27. Rxf3 d6 28. exd6+ cxd6 29. Ne4 Rf8 30. Rxf8 Nxf8 31. Kf2 e5 32. d5 Ng6 33. a4 Kd7 34. b4 Ne7 35. c4 a5 36. bxa5 bxa5 37. g4 Nc8 38. c5 dxc5 39. Ndxc5+ Ke7 40. Kf3 Bf8 41. Nb7 Nb6 42. d6+ Kf7 43. Nec5 Kg6 44. d7 Be7 45. Nxa5 Kg5 46. Nc6 1-0

[Event "Pszczyna op 4th"]
[Site "Pszczyna"]
[Date "2008.07.18"]
[Round "7"]
[White "Urbanski, Grzegorz"]
[Black "Polok, Kacper"]
[Result "1-0"]
[WhiteElo "2158"]
[BlackElo "1903"]
[PlyCount "91"]
[EventDate "2008.07.15"]
[EventType "swiss"]
[EventRounds "9"]
[EventCountry "POL"]
[SourceTitle "CBM 125 Extra"]
[Source "ChessBase"]
[SourceDate "2008.09.01"]
[SourceVersion "1"]
[SourceVersionDate "2008.09.01"]
[SourceQuality "1"]

1. e4 c5 2. Nc3 Nc6 3. Nf3 e5 4. Bc4 d6 5. 0-0 Be7 6. d3 Nf6 7. Ng5 0-0 8. f4 exf4 9. Bxf4 Ne5 10. Bb3 Nfg4 11. Qd2 h6 12. Nf3 Ng6 13. Bg3 Bf6 14. Kh1 Be6 15. Rab1 Bxb3 16. axb3 Bxc3 17. bxc3 Qe7 18. c4 N4e5 19. Ng1 b6 20. Ne2 Rfe8 21. Nc3 Qd7 22. h3 Ne7 23. Rf2 f6 24. Rbf1 Rf8 25. d4 cxd4 26. Qxd4 Rad8 27. Nb5 a6 28. Nc3 Qc6 29. Rd1 Rd7 30. Ra1 a5 31. Rd1 Rfd8 32. Rfd2 Qc5 33. Bxe5 Qxe5 34. Qxe5 fxe5 35. Na4 Nc8 36. Rd5 Re8 37. Rb5 Rb7 38. Kg1 Kf7 39. Kf2 Ke6 40. Ke3 Rf8 41. Rb1 Kd7 42. Rd1 Ke6 43. c5 Kd7 44. Nxb6+ Kc6 45. Nxc8 Rxb5 46. Na7+ 1-0

[Event "POL-chT3 Slaskie"]
[Site "Poland"]
[Date "2008.05.11"]
[Round "9.51"]
[White "Urbanski, Grzegorz"]
[Black "Marzec, Jaroslaw"]
[Result "0-1"]
[WhiteElo "2145"]
[BlackElo "2102"]
[PlyCount "66"]
[EventDate "2008.02.03"]
[EventType "team-swiss"]
[EventRounds "9"]
[EventCountry "POL"]
[SourceTitle "EXT 2019"]
[Source "ChessBase"]
[SourceDate "2018.10.10"]
[SourceVersion "1"]
[SourceVersionDate "2018.10.10"]
[SourceQuality "1"]

1. e4 d5 2. exd5 Qxd5 3. Nc3 Qd8 4. d4 e6 5. Nf3 Nf6 6. Bc4 a6 7. a4 Be7 8. 0-0 0-0 9. Re1 Nbd7 10. Qe2 Nb6 11. Bd3 c5 12. dxc5 Bxc5 13. Bg5 g6 14. Rad1 Nbd7 15. Ne4 Be7 16. Bh6 Re8 17. Neg5 Ng4 18. Nxf7 Qb6 19. N7e5 Ndxe5 20. Nxe5 Nxh6 21. g4 Rf8 22. Rf1 Bc5 23. c3 Qc7 24. Bc4 b5 25. axb5 axb5 26. Bb3 Ra6 27. Rd3 Qa7 28. Bc2 Ra1 29. Bd1 Nf7 30. Nc6 Qc7 31. Nd4 Bxd4 32. cxd4 b4 33. d5 exd5 0-1

[Event "Karvina op"]
[Site "Karvina"]
[Date "2006.07.??"]
[Round "5"]
[White "Walach, Marcin"]
[Black "Urbanski, Grzegorz"]
[Result "1/2-1/2"]
[WhiteElo "2361"]
[BlackElo "2140"]
[PlyCount "129"]
[EventDate "2006.07.??"]
[EventType "swiss"]
[EventRounds "7"]
[EventCountry "CZE"]
[SourceTitle "EXT 2008"]
[Source "ChessBase"]
[SourceDate "2007.11.25"]
[SourceVersion "1"]
[SourceVersionDate "2007.11.25"]
[SourceQuality "1"]

1. e4 e6 2. d4 d5 3. Nc3 dxe4 4. Nxe4 Nd7 5. Nf3 Ngf6 6. Bg5 h6 7. Nxf6+ Nxf6 8. Bf4 c5 9. dxc5 Bxc5 10. Qxd8+ Kxd8 11. Be2 Ke7 12. 0-0 Rd8 13. Bc7 Rd7 14. Be5 Rd8 15. Ne1 Bd6 16. Nd3 Bxe5 17. Nxe5 Rd5 18. f4 Bd7 19. Rad1 Rxd1 20. Rxd1 Rc8 21. c4 Bc6 22. Kf2 Nd7 23. Nxc6+ Rxc6 24. Ke3 b6 25. b4 g6 26. Rc1 Kd6 27. h4 h5 28. Bd3 Rc8 29. Kd4 a5 30. a3 Rc7 31. Rc3 Rc8 32. Bc2 Rc7 33. Ba4 axb4 34. axb4 f6 35. Ke4 Ke7 36. Bb5 Ra7 37. Rd3 f5+ 38. Kd4 Nf6 39. c5 Nd5 40. cxb6 Nxb6 41. Kc5 Nd5 42. Bc6 Nxf4 43. Re3 Ra2 44. g3 Rc2+ 45. Kb6 Kd6 46. b5 Nd5+ 47. Bxd5 exd5 48. Kb7 d4 49. Re8 Kd5 50. b6 d3 51. Rd8+ Ke4 52. Ka6 Ra2+ 53. Kb5 Rb2+ 54. Kc6 d2 55. b7 Kf3 56. Kc7 Kxg3 57. Rxd2 Rxb7+ 58. Kxb7 Kxh4 59. Kc6 Kg3 60. Kd5 h4 61. Rd1 Kg2 62. Ke5 h3 63. Kf4 h2 64. Rd2+ Kh3 65. Rd1 1/2-1/2

[Event "POL-chT 2nd League"]
[Site "Wysowa"]
[Date "2005.08.29"]
[Round "3.70"]
[White "Urbanski, Grzegorz"]
[Black "Szajna, Wladyslaw"]
[Result "1/2-1/2"]
[WhiteElo "2100"]
[BlackElo "2193"]
[PlyCount "82"]
[EventDate "2005.08.27"]
[EventType "team-swiss"]
[EventRounds "9"]
[EventCountry "POL"]
[SourceTitle "EXT 2019"]
[Source "ChessBase"]
[SourceDate "2018.10.10"]
[SourceVersion "1"]
[SourceVersionDate "2018.10.10"]
[SourceQuality "1"]
[WhiteTeam "Mikolow AKS"]
[BlackTeam "Rzeszow Zelmer II"]
[WhiteTeamCountry "POL"]
[BlackTeamCountry "POL"]

1. e4 e5 2. Nc3 d6 3. Bc4 Nc6 4. Nge2 Na5 5. Bb3 Nxb3 6. axb3 Nf6 7. 0-0 Be7 8. d4 0-0 9. f4 c6 10. h3 Qc7 11. Qd3 b5 12. Qf3 b4 13. Nd1 a5 14. Ne3 Ba6 15. Nf5 exd4 16. Nfxd4 Rfe8 17. Rd1 c5 18. Nf5 Bb7 19. Neg3 Bf8 20. Re1 g6 21. Nh4 Nxe4 22. Nxe4 Qe7 23. Qg3 Bxe4 24. f5 d5 25. c3 bxc3 26. bxc3 Bg7 27. fxg6 hxg6 28. Bd2 Qe5 29. Qf2 Qc7 30. Nf3 Rab8 31. Ng5 Be5 32. Qh4 f5 33. Qh6 Qg7 34. Qxg7+ Bxg7 35. Rxa5 Rxb3 36. Rxc5 d4 37. c4 Rb2 38. Nf3 Ra8 39. Rb5 Rc2 40. Bf4 Rxc4 41. Nd2 Bc6 1/2-1/2